Gaming Quiz

Random Gaming or Animal Quiz
Score 0/63 Timer 05:00
2 Plays Today
Example Characters Species % Correct
Copper, Isabelle, K.K. Slider, LuckyDog
92.1%
Blanca, Bob, Rover, TangyCat
91.1%
Chow, Dozer, Grizzly, UrsalaBear
80.8%
Maple, Olive, Poncho, PudgeCub/Baby Bear
79.2%
Anchovy, Jay, Robin, TwiggyBird (Songbird)
78.4%
Curly, Hambo, Sue E., TrufflesPig
75.3%
Grams, Kapp'n, Leila, LeilaniSnapping Turtle/Kappa
71%
Jeremiah, Prince, Puddles, Wart Jr.Frog
70.9%
Angus, Belle, T-Bone, TipperCow/Bull
70.8%
Blathers, CelesteOwl
70.7%
Colton, Ed, Elmer, WinnieHorse
69.9%
ReddFox/Kitsune
69.9%
Elvis, Leopold, Rex, RoryLion
69.8%
Baabara, Cashmere, Vesta, WoolioSheep
69.4%
Bree, Chadder, Limberg, RizzoMouse
69%
Timmy, Tom Nook, TommyRaccoon/Tanuki
67.5%
Agent S, Nibbles, Pecan, StaticSquirrel
66.1%
Chief, Freya, Lobo, WhitneyWolf
65.8%
Drake, Joey, Mallary, ScootDuck
65.1%
Big Top, Dizzy, Margie, OpalElephant
65%
Bangle, Bianca, Rowan, TybaltTiger
64.5%
Bam, Deirdre, Fauna, LopezDeer
64.5%
Coco, Dotty, Genji, SnakeRabbit
64.4%
GracieGiraffe
64.2%
Amelia, Apollo, Avery, PierceEagle
63.9%
Benedict, Egbert, Goose, PluckyChicken
62.6%
Labelle, Mabel, SableHedgehog/Porcupine
62.4%
Billy, Chevre, Gruff, NanGoat
60.8%
KicksSkunk
60.8%
Champ, Porter, Simon, TammiMonkey
60.6%
SaharahCamel
60.6%
Hornsby, Rhonda, Spike, TankRhinoceros
58.3%
Example Characters Species % Correct
Pelly, Pete, PhyllisPelican
56.3%
Inkwell, Marina, Octavian, ZuckerOctopus
56.2%
Don Resetti, Sonny ResettiMole
55.7%
Lottie, LyleWeasel/River Otter
53.7%
GulliverSeagull
53.6%
Cesar, Louie, Peewee, RocketGorilla
53.5%
Cornimer, TortimerTortoise
53.3%
Alli, Boots, Drago, LizAlligator/Crocodile
52.5%
PascalSea Otter
52.1%
Aurora, Friga, Hopper, PuckPenguin
51.7%
Cyrus, ReeseAlpaca
51.2%
JingleReindeer
50.8%
Apple, Graham, Hamlet, RodneyHamster
50.5%
Carrie, Kitt, Mathilda, RooneyKangaroo
50.3%
Canberra, Melba, Sydney, YukaKoala
49.8%
Biff, Bitty, Harry, RoccoHippopotamus
48.6%
KatrinaPanther
48.2%
Cyrano, Nosegay, Pango, SnootyAnteater
47.3%
Master FrillardFrill-necked Lizard
46.6%
BrewsterPigeon
44.3%
LeifSloth
44%
Cranston, Queenie, Rio, SandyOstrich
42.3%
JoanBoar
42%
WendellWalrus
37.1%
ChipBeaver
36.8%
PavéPeacock
36.5%
Dr. ShrunkSalamander
34.7%
NatChameleon
29.8%
PhineasSea Lion
28.2%
FranklinTurkey
27.1%
LunaTapir
17.4%
Remove Ads.
Support Sporcle.
Get the best of Sporcle when you Go Orange. This ad-free experience offers more features, more stats, and more fun while also helping to support Sporcle. Thank you for becoming a member.

You're not logged in!

Compare scores with friends on all Sporcle quizzes.
OR
Log In

Show Comments

Extras

Top Quizzes Today


Score Distribution

Your Account Isn't Verified!

In order to create a playlist on Sporcle, you need to verify the email address you used during registration. Go to your Sporcle Settings to finish the process.

Report this User

Report this user for behavior that violates our Community Guidelines.

Details: